Yield comparison of four chinese kale varieties under net house condition ការប្រៀបធៀបទិន្នផលពូជខាត់ណាបួនពូជក្នុងលក្ខខ័ណ្ឌផ្ទះសំណាញ់ (Record no. 1104)

000 -LEADER
fixed length control field 00605nam a22001577a 4500
003 - CONTROL NUMBER IDENTIFIER
control field OSt
005 - DATE AND TIME OF LATEST TRANSACTION
control field 20150923100055.0
008 - FIXED-LENGTH DATA ELEMENTS--GENERAL INFORMATION
fixed length control field 150923b xxu||||| |||| 00| 0 eng d
040 ## - CATALOGING SOURCE
Transcribing agency RUA
082 ## - DEWEY DECIMAL CLASSIFICATION NUMBER
Classification number AGR HOU 2010 B044 Or.1
100 ## - MAIN ENTRY--PERSONAL NAME
9 (RLIN) 1154
Personal name HOU, DANY.
245 ## - TITLE STATEMENT
Title Yield comparison of four chinese kale varieties under net house condition ការប្រៀបធៀបទិន្នផលពូជខាត់ណាបួនពូជក្នុងលក្ខខ័ណ្ឌផ្ទះសំណាញ់
260 ## - PUBLICATION, DISTRIBUTION, ETC. (IMPRINT)
Place of publication, distribution, etc. Phnom Penh
Name of publisher, distributor, etc. RUA
Date of publication, distribution, etc. 2010
300 ## - PHYSICAL DESCRIPTION
Extent x; 47p.
Other physical details ill.
Dimensions 29cm.
942 ## - ADDED ENTRY ELEMENTS (KOHA)
Source of classification or shelving scheme
Koha item type AGR
Holdings
Price effective from Date last seen Permanent Location Not for loan Date acquired Source of classification or shelving scheme Koha item type Lost status Withdrawn status Total Renewals Date last checked out Total Checkouts Shelving location Damaged status Barcode Current Location Full call number
2015-09-232024-11-06Library Block B 2015-09-23 AGR  12024-10-0717B044 RUA000077Library Block BAGR HOU 2010 B044 Or.1
2015-09-232023-02-28Library Block B 2015-09-23 AGR   2023-02-214B044 RUA000573Library Block BAGR HOU 2010 B044 Or.2
2016-01-262016-01-26Library Block B 2016-01-26 AGR     B044 RUA051509Library Block BAGR HOU 2010 B044 Or.3
មជ្ឈមណ្ឌលឯការនៃសាកលវិទ្យាល័យភូមិន្ទកសិកម្មចំការដូង

Powered by Koha